FARMER FIELD SCHOOL GUIDANCE DOCUMENT : Planning for quality programmes (Record no. 20651)

000 -LEADER
fixed length control field 00666cam a2200181Ia 4500
020 ## - INTERNATIONAL STANDARD BOOK NUMBER
ISBN 9789251091265
020 ## - INTERNATIONAL STANDARD BOOK NUMBER
ISBN 9789251091265
040 ## - CATALOGING SOURCE
Transcribing agency OHX
082 ## - DEWEY DECIMAL CLASSIFICATION NUMBER
Classification number 333 FAO 2016 C323 Or.
100 1# - MAIN ENTRY--AUTHOR NAME
Personal name Isubikalu, Prossy,
245 10 - TITLE STATEMENT
Title FARMER FIELD SCHOOL GUIDANCE DOCUMENT : Planning for quality programmes
Remainder of title farmer field schools in Uganda /
246 13 - VARYING FORM OF TITLE
Title proper/short title FOOD AND AGRICULTURE ORGANIZATION OF THE UNITED NATIONS
260 ## - PUBLICATION, DISTRIBUTION, ETC. (IMPRINT)
Place of publication Wageningen :
Name of publisher Wageningen Academic Publishers,
Year of publication c2007
300 ## - PHYSICAL DESCRIPTION
Number of Pages 215 p. :
Other physical details ill., map;
Dimensions 24 cm
500 ## - GENERAL NOTE
General note Originally presented as the author's thesis (doctoral - Wageningen)
650 #0 - SUBJECT ADDED ENTRY--TOPICAL TERM
Topical Term Agricultural extension work
942 ## - ADDED ENTRY ELEMENTS (KOHA)
Koha item type ADB
952 ## - LOCATION AND ITEM INFORMATION (KOHA)
Withdrawn status [LOCAL, KOHA] 0
Holdings
Permanent Location Date acquired Koha item type Lost status Shelving location Barcode Current Location Full call number
Library Block C2022-10-19សៀវភៅភាសាអង់គ្លេស C323a069797Library Block C333 FAO 2016 C323 Or.
មជ្ឈមណ្ឌលឯការនៃសាកលវិទ្យាល័យភូមិន្ទកសិកម្មចំការដូង

Powered by Koha